| 000 | 00646nam a2200253 a 4500 | ||
|---|---|---|---|
| 001 | 14328 | ||
| 003 | BD-JhCC | ||
| 005 | 20250304093228.0 | ||
| 008 | 250302b20072018e a|||| ||a| 001 0 eng d | ||
| 020 | _a 9780241339015 | ||
| 035 | _a(BD-JhCC)14328 | ||
| 040 |
_aBD-JhCC _dBD-JhCC |
||
| 041 | _aenglish | ||
| 082 |
_a808.83 _bBER 2018 |
||
| 100 | _a Berger,John | ||
| 245 |
_aThe Red Tenda of Bologna / _cJohn Berger. |
||
| 260 |
_aNew York: _bPenguin Books; _c2018. |
||
| 300 |
_a64 p. : _c16 cm. |
||
| 490 | _aPenguin Modern: 30 | ||
| 500 | _aPenguin Modern: 30 | ||
| 650 | _aEnglish Short stories. | ||
| 942 |
_2ddc _cBK |
||
| 999 |
_c14328 _d14328 |
||